00545 2200193 4500001002100000005001500021008004100036020002200077035001900099041000700118082001000125090001700135100002100152245008200173260003200255300003400287500001100321650001900332INLIS00000000000148020241224112346241224||||||||| | ||| |||| || |  a978-979-518-822-3 0010-1224001480 aid0 a615.8 a615. 8 TAR r0 aTarumetor Tairas00aRefleksologi Penyembuhan Penyakit dengan Pijat Pembuluh Darah dan Pusat Saraf aJakartabRineka Ciptac2007 aix, 172 hlm.; ilus.: 23, 5 cm aCet. 2 0aILMU KESEHATAN